000 00891nam a2200313Ia 4500
003 OSt
005 20220912144044.0
006 a|||||r|||| 00| 0
007 ta
008 220909b |||||||| |||| 00| 0 eng d
020 _a9780128020746 (pbk)
024 _a197599
037 _b3021, 10/03/2017, The Book Seller
037 _cTextual
040 _beng
041 _aeng
082 _aG11, Q6
100 _aFry Michael
245 0 _aLandmark experiments in molecular biology
260 _aLondon
_bElsevier
_c2016
300 _axxiii,546p. col.ill.
_ccm
500 _aIndex 533-546p.
650 _a Definning the genetic code
650 _a Discovery of the structure of DNA
650 _a Prehistory of molecular biology
650 _aBotany
942 _hG11, Q6
_cTEXL
_2CC
999 _c1980
_d1980